Engineering mechanics: Dynamics (Record no. 167888)

MARC details
000 -LEADER
fixed length control field 00353nam a2200145Ia 4500
008 - FIXED-LENGTH DATA ELEMENTS--GENERAL INFORMATION
fixed length control field 231217s9999 xx 000 0 und d
041 ## - LANGUAGE CODE
Language code of text/sound track or separate title English
082 ## - DEWEY DECIMAL CLASSIFICATION NUMBER
Classification number 620.103 HIB;3
100 ## - MAIN ENTRY--PERSONAL NAME
Personal name Hibbeler R C
245 #0 - TITLE STATEMENT
Title Engineering mechanics: Dynamics
250 ## - EDITION STATEMENT
Edition statement 5th ed.
260 ## - PUBLICATION, DISTRIBUTION, ETC.
Date of publication, distribution, etc. 1989
Name of publisher, distributor, etc. New York : MacMillan,
300 ## - PHYSICAL DESCRIPTION
Extent xi+493
942 ## - ADDED ENTRY ELEMENTS (KOHA)
Koha item type Books
Holdings
Date last seen Total checkouts Full call number Accession number Price effective from Category Lost status Damaged status Department Withdrawn status Home library Current library Entry date Grants Billdate Currency symbol Conversion rate Discount Old discount
26/01/2024   620.103 HIB;3 17720 26/01/2024 Books     Central Library   Central Library Central Library 23/05/2001 DONATED 16/01/2004 RS 1   15

© For any Suggestions or Query, please contact the library staff @ librarian@pes.edu or Phone: +9180 2672 1983/ 2108.